Catalog

Record Details

Catalog Search



Harry Potter and the chamber of secrets / by J.K. ... Read More

Rowling, J. K.(Author).
Series: Harry Potter ; 2

Available copies

  • 3 of 8 copies available at LARL/NWRL Consortium. (Show)
  • 0 of 3 copies available at Lake Agassiz Regional Library.

Current holds

1 current hold with 8 total copies.

Show Only Available Copies
Location Call Number / Copy Notes Barcode Shelving Location Status Due Date
Ada Public Library J ROW (Text) 33500014273163 Main In transit -
Crookston Public Library J ROW (Text) 33500014292296 Main Checked out 07/15/2026
Moorhead Public Library J ROW (Text) 33500014273155 Main Checked out 07/21/2026

Record details

  • ISBN: 9781338299151
  • ISBN: 0439064872 (paperback)
  • ISBN: 9781435238107 (paperback)
  • ISBN: 9780545582926
  • ISBN: 9780439064866
  • ISBN: 0439064864 (hardcover)
  • Physical Description: 341 p. ; 24 cm.
  • Publisher: New York : Arthur A. Levine Books, 1999.

Content descriptions

General Note:
Sequel to: Harry Potter and the sorcerer's stone.
Summary, etc.:
When the Chamber of Secrets is opened again at the ... Read More
Subject: Wizards > Juvenile fiction.
Magic > Juvenile fiction.
Schools > Juvenile fiction.
Potter, Harry (Fictitious character) > Juvenile fiction.
England > Juvenile fiction.
LDR 02800cam a22004818a 4500
00126475
003LARL_NWRL_CONSORTIUM
00520210722174750.0
008980928s1999 nyu c 000 1 eng
020 . ‡a9781338299151
020 . ‡a0439064872 (paperback)
020 . ‡a9781435238107 (paperback)
020 . ‡a9780545582926
020 . ‡a9780439064866
020 . ‡a0439064864 (hardcover)
035 . ‡a(OCoLC)40043650
08200. ‡a[Fic] ‡221
099 . ‡aRow
1001 . ‡aRowling, J. K. ‡0(LARL_NWRL_CONSORTIUM)125043
24510. ‡aHarry Potter and the chamber of secrets / ‡cby J.K. Rowling.
260 . ‡aNew York : ‡bArthur A. Levine Books, ‡c1999.
300 . ‡a341 p. ; ‡c24 cm.
4900 . ‡aHarry Potter ; ‡v2
500 . ‡aSequel to: Harry Potter and the sorcerer's stone.
520 . ‡aWhen the Chamber of Secrets is opened again at the Hogswart School for Witchcraft and Wizardry, second-year student Harry Potter finds himself in danger from a dark power that has once more been released on the school.
650 0. ‡aWizards ‡vJuvenile fiction. ‡0(LARL_NWRL_CONSORTIUM)168010
650 0. ‡aMagic ‡vJuvenile fiction. ‡0(LARL_NWRL_CONSORTIUM)165990
650 0. ‡aSchools ‡vJuvenile fiction. ‡0(LARL_NWRL_CONSORTIUM)167227
650 0. ‡aPotter, Harry (Fictitious character) ‡vJuvenile fiction.
651 0. ‡aEngland ‡vJuvenile fiction. ‡0(LARL_NWRL_CONSORTIUM)168416
901 . ‡a26475 ‡bOCLC ‡c26475 ‡tbiblio

Additional Resources